[Event "Rijeka Paris Memorial 40th"]
[Site "Rijeka"]
[Date "2019.10.22"]
[Round "6"]
[White "Res, Ivica"]
[Black "Domazet, Zvonko"]
[Result "1-0"]
[WhiteElo "2064"]
[BlackElo "1752"]
[PlyCount "69"]
[EventDate "2019.10.18"]
[EventType "swiss"]
[EventRounds "9"]
[EventCountry "CRO"]
[SourceTitle "CBM 192 Extra"]
[Source "Chessbase"]
[SourceDate "2019.11.06"]
[SourceVersion "1"]
[SourceVersionDate "2019.11.06"]
[SourceQuality "1"]

1. c4 Nf6 2. g3 c6 3. Nf3 e6 4. Bg2 d5 5. 0-0 Nbd7 6. b3 Be7 7. Bb2 0-0 8. e3 Re8 9. Qe2 Bf8 10. d4 Ne4 11. Nfd2 Nxd2 12. Nxd2 f5 13. Rae1 Bb4 14. a3 Bxd2 15. Qxd2 Nf6 16. f3 dxc4 17. bxc4 e5 18. e4 fxe4 19. fxe4 exd4 20. e5 Ng4 21. Bxd4 Be6 22. Qc3 c5 23. Bxc5 Rc8 24. Qb4 b6 25. Bd6 Rxc4 26. Qd2 Rc8 27. Bb7 b5 28. Bxc8 Qb6+ 29. Kg2 Bxc8 30. Qd5+ Kh8 31. Qf7 Qc6+ 32. Qf3 Qc2+ 33. Re2 Bb7 34. Rxc2 Bxf3+ 35. Rxf3 1-0

[Event "Rijeka Four Seasons"]
[Site "Rijeka"]
[Date "2018.10.24"]
[Round "5"]
[White "Domazet, Zvonko"]
[Black "Troselj, Ivan"]
[Result "1/2-1/2"]
[WhiteElo "1744"]
[BlackElo "1863"]
[PlyCount "40"]
[EventDate "2018.10.20"]
[EventType "tourn"]
[EventRounds "9"]
[EventCountry "CRO"]
[SourceTitle "CBM 187 Extra"]
[Source "ChessBase"]
[SourceDate "2018.11.04"]
[SourceVersion "1"]
[SourceVersionDate "2018.11.04"]
[SourceQuality "1"]

1. d4 d5 2. c4 e6 3. Nf3 Nf6 4. g3 Nbd7 5. Bg2 b6 6. cxd5 exd5 7. 0-0 Bd6 8. Nc3 c6 9. Qc2 0-0 10. Rd1 Qc7 11. b3 Ba6 12. Bg5 h6 13. Bxf6 Nxf6 14. Rac1 Rac8 15. Nd2 Ba3 16. Rb1 c5 17. Nxd5 Nxd5 18. Bxd5 Bxe2 19. Re1 Bh5 20. Re5 Bg6 1/2-1/2